| 000 | 00723cam a22002291 4500 | ||
|---|---|---|---|
| 001 | sa 65005838 | ||
| 003 | DLC | ||
| 005 | 20260227112139.0 | ||
| 008 | 890731s1965 ii 000 0 hino | ||
| 010 | _asa 65005838 | ||
| 035 | _a(OCoLC)20102394 | ||
| 040 |
_aDLC _cWaU _dNRU _dDLC |
||
| 042 | _apremarc | ||
| 050 | 0 | 0 |
_aPK2095.T8 _bZ827 |
| 100 | 1 |
_aŚarmā, Śrīnivāsa, _d1933- |
|
| 245 | 1 | 0 |
_aTulasīdāsa: _bjīvanī aura kāvya; Tulasīdāsa kī jīvanī aura kāvya kī sarvānġapūrṇa samīkshā. _cLekhaŚrīnivāsa Śarmā. |
| 250 | _a[1. saṃskaraṇa] | ||
| 260 |
_aDillī, _bAśoka Prakāśana _c[1965] |
||
| 300 |
_aviii, 256 p. _c19 cm. |
||
| 500 | _aIn Hindi. | ||
| 600 | 0 | 0 |
_aTulasīdāsa, _d1532-1623. |
| 999 |
_c64403 _d64403 |
||